000 00523 a2200157 4500
001 125704
020 _a9788525037640
040 _cEscola Canadense de Niteroi
090 _aGLO-D1
245 1 0 _aDona Benta E Seus Amigos
300 _bil.
_c4 x 19 x 0.4
362 0 _a2004
520 _aEste livrinho fala sobre a Dona Benta, a avó da Narizinho e do Pedrinho e dona do Sítio do Picapau Amarelo. Você também vai conhecer os amigos dela, Tio Barnabé e Tia Nastácia.
650 4 _aLiteratura Infantil
942 _cBK
999 _c125704
_d125704